<?xml version="1.0" encoding="UTF-8"?>
<record
    xmlns:xsi="http://www.w3.org/2001/XMLSchema-instance"
    xsi:schemaLocation="http://www.loc.gov/MARC21/slim http://www.loc.gov/standards/marcxml/schema/MARC21slim.xsd"
    xmlns="http://www.loc.gov/MARC21/slim">

  <leader>00615nam a2200217Ia 4500</leader>
  <controlfield tag="003">DO-SdBJH</controlfield>
  <controlfield tag="005">20171119052519.0</controlfield>
  <controlfield tag="008">171116s9999    dr            000 0 spa d</controlfield>
  <datafield tag="020" ind1=" " ind2=" ">
    <subfield code="a">978-0-9818321-1-1</subfield>
  </datafield>
  <datafield tag="040" ind1=" " ind2=" ">
    <subfield code="a">DO-SdBJH</subfield>
    <subfield code="b">spa</subfield>
    <subfield code="c">DO-SdBJH</subfield>
  </datafield>
  <datafield tag="041" ind1=" " ind2=" ">
    <subfield code="b">spa</subfield>
  </datafield>
  <datafield tag="082" ind1=" " ind2=" ">
    <subfield code="a">550 C394c</subfield>
  </datafield>
  <datafield tag="110" ind1=" " ind2=" ">
    <subfield code="a">Cemex </subfield>
  </datafield>
  <datafield tag="245" ind1="1" ind2="0">
    <subfield code="a">Un Clima para la vida : Enfrentando el desaf&#xED;o Global / Cemex</subfield>
  </datafield>
  <datafield tag="260" ind1=" " ind2=" ">
    <subfield code="a">Italia : Grafiche Flaminia, 2008</subfield>
  </datafield>
  <datafield tag="300" ind1=" " ind2=" ">
    <subfield code="a">359 P&#xE1;ginas</subfield>
  </datafield>
  <datafield tag="650" ind1=" " ind2="4">
    <subfield code="a"> Ciencias de la Tierra Biodiversidad</subfield>
  </datafield>
  <datafield tag="942" ind1=" " ind2=" ">
    <subfield code="2">ddc</subfield>
    <subfield code="c">BK</subfield>
  </datafield>
  <datafield tag="999" ind1=" " ind2=" ">
    <subfield code="c">1764</subfield>
    <subfield code="d">1764</subfield>
  </datafield>
  <datafield tag="952" ind1=" " ind2=" ">
    <subfield code="0">0</subfield>
    <subfield code="1">0</subfield>
    <subfield code="2">ddc</subfield>
    <subfield code="4">0</subfield>
    <subfield code="7">0</subfield>
    <subfield code="8">CG</subfield>
    <subfield code="a">BEGEM</subfield>
    <subfield code="b">BEGEM</subfield>
    <subfield code="c">GEN</subfield>
    <subfield code="d">2017-11-11</subfield>
    <subfield code="i">16-EERD-000439</subfield>
    <subfield code="l">0</subfield>
    <subfield code="o">550 C394c</subfield>
    <subfield code="p">16-EERD-000439</subfield>
    <subfield code="r">2017-11-18 00:00:00</subfield>
    <subfield code="t">Ej.1</subfield>
    <subfield code="w">2017-11-11</subfield>
    <subfield code="y">BK</subfield>
  </datafield>
  <datafield tag="952" ind1=" " ind2=" ">
    <subfield code="0">0</subfield>
    <subfield code="1">0</subfield>
    <subfield code="2">ddc</subfield>
    <subfield code="4">0</subfield>
    <subfield code="7">0</subfield>
    <subfield code="8">CG</subfield>
    <subfield code="a">BEGEM</subfield>
    <subfield code="b">BEGEM</subfield>
    <subfield code="c">GEN</subfield>
    <subfield code="d">2017-11-11</subfield>
    <subfield code="i">16-EERD-000440</subfield>
    <subfield code="l">0</subfield>
    <subfield code="o">550 C394c</subfield>
    <subfield code="p">16-EERD-000440</subfield>
    <subfield code="r">2017-11-18 00:00:00</subfield>
    <subfield code="t">Ej.2</subfield>
    <subfield code="w">2017-11-11</subfield>
    <subfield code="y">BK</subfield>
  </datafield>
</record>
